Ing. Zdeněk Přibyl ...

Podrobná bibliografia
Médium: Článok
Jazyk:slovenčina
čeština
ISSN:0016-7096
Predmet:

MARC

LEADER 00000nab a2200000 a 4500
001 vtls000688635
003 SK-MaSNL
005 20260304100025.0
008 250425c xo 0 slo
015 |a SNBRB1999/04-07135 
035 |a CLN000040802 
035 |a (urnnbn)urn:nbn:sk:snk:ar-006qmb 
035 |a (uuid)1f21141d-acdd-4066-a2d0-15db6c1d7dd7 
035 |a urn:nbn:sk:snk-ab88h1 
040 |a SNKBUCL  |b slo  |c SNKBUCL  |e AACR2 
041 0 |a cze 
044 |a xo  |c SK 
080 |a 528-051  |2 1997 
080 |a 929 Přibyl, Zdeněk  |2 1997 
245 0 0 |a Ing. Zdeněk Přibyl ... 
600 1 7 |a Přibyl, Zdeněk,  |d 1939-  |2 snkbucl  |9 88324 
655 7 |a články z novín a časopisov  |2 snkbucl  |9 267496 
773 0 |t Geodetický a kartografický obzor  |g Roč. 45 (87), č. 3 (1999), s. 68  |x 0016-7096 
850 |a Slovenská národná knižnica 
852 |a Slovenská národná knižnica 
954 |a odborná, vedecká literatúra cudzojazyčná (svetová)  |2 lita 
958 |a article9 
958 |a OND 
958 |a BC 
958 |a CZ 
958 |a EUIPO 
992 |a RBX 
999 |c 2835443  |d 2837373